[Event "It (open)"]
[Site "masterchessopen.com Griesheim (Germany)"]
[Round "5"]
[White "Hatarik Robert (GER)"]
[Black "Heimrath Reiner (GER)"]
[Result "0-1"]
[WhiteElo "2160"]
[BlackElo "2294"]

1.d4 Nf6 2.c4 e6 3.Nc3 Bb4 4.e3 b6 5.Bd3 Bb7 6.f3 d5 7.Qa4+ Nc6 8.Ne2 a6
9.cxd5 exd5 10.O-O O-O 11.a3 Be7 12.Bd2 Qd7 13.b4 Rfe8 14.Qc2 g6 15.Be1 Bf8
16.Bf2 Bh6 17.e4 dxe4 18.Nxe4 Bg7 19.Rfd1 Nd5 20.Bc4 Nce7 21.Qb3 Rad8 22.N4c3
Nf5 23.Nxd5 Bxd5 24.Rac1 Rxe2 {#R} 0-1

[Event "It (open)"]
[Site "masterchessopen.com Helsinki (Finland)"]
[Round "4"]
[White "Kanko Ilkka (FIN)"]
[Black "Tuovinen Jukka (FIN)"]
[Result "0-1"]
[WhiteElo "2206"]
[BlackElo "2076"]

1.d4 Nf6 2.c4 e6 3.Nc3 Bb4 4.e3 b6 5.Bd3 Bb7 6.Nf3 Ne4 7.O-O Bxc3 8.bxc3 O-O
9.Nd2 Nxd2 10.Bxd2 f5 11.f3 d6 12.e4 fxe4 13.fxe4 Rxf1+ 14.Qxf1 Nd7 15.Qf3 Qh4
16.g3 Qe7 17.Qg4 Rf8 18.a4 a5 19.Rb1 e5 20.c5 dxc5 21.d5 Nf6 22.Qh4 c4 23.Bf1
Qc5+ 24.Kh1 Nxe4 {#R} 0-1

[Event "It (open)"]
[Site "masterchessopen.com Helsinki (Finland)"]
[Round "5"]
[White "Kanko Ilkka (FIN)"]
[Black "Tuovinen Jukka (FIN)"]
[Result "1-0"]
[WhiteElo "2206"]
[BlackElo "2076"]

1.d4 Nf6 2.c4 e6 3.Nc3 Bb4 4.e3 b6 5.Bd3 Bb7 6.Nf3 Ne4 7.O-O Bxc3 8.bxc3 f5
9.d5 Qf6 10.Nd4 O-O 11.Ba3 Rc8 12.f3 Nc5 13.e4 Nxd3 14.Qxd3 c5 15.Nb5 exd5
16.Rae1 dxe4 17.fxe4 Bxe4 18.Rxe4 fxe4 19.Qd5+ Qe6 20.Qxa8 a6 21.Nc7 Qc6
22.Qxc6 Nxc6 23.Nd5 Ne5 24.Ne7+ {#r} 1-0

[Event "Olympiad"]
[Site "masterchessopen.com Istanbul (Turkey)"]
[Round "3"]
[White "Van Der Stricht Geert (BEL)"]
[Black "Hauchard Arnaud (FRA)"]
[Result "0-1"]
[WhiteElo "2369"]
[BlackElo "2539"]

1.d4 Nf6 2.c4 e6 3.Nc3 Bb4 4.e3 b6 5.Bd3 Bb7 6.f3 c5 7.Ne2 cxd4 8.exd4 d5
9.Qa4+ Nc6 10.cxd5 Nxd5 11.O-O O-O 12.Nxd5 Qxd5 13.Be4 b5 14.Qc2 Nxd4 15.Bxd5
Nxc2 16.Bxb7 Nxa1 17.Bf4 Nc2 18.Rc1 Bc5+ 19.Kh1 Rad8 20.h4 Nd4 21.Rxc5 Nxe2
22.Bc7 Rd7 23.Ba6 Nd4 24.Kh2 f6 25.Bg3 e5 26.b3 Rb8 27.Bf2 Rd6 28.Bc8 Rc6
29.Rxc6 Nxc6 30.Be6+ Kf8 31.Bd7 Nd4 {#R} 0-1

[Event "Cup Russia (open)"]
[Site "masterchessopen.com Moscow (Russia)"]
[Round "1"]
[White "Maximov Alexey (RUS)"]
[Black "Jakovenko Dmitry (RUS)"]
[Result "0-1"]
[WhiteElo "2224"]
[BlackElo "2506"]

1.d4 Nf6 2.c4 e6 3.Nc3 Bb4 4.e3 b6 5.Bd3 Bb7 6.f3 c5 7.Ne2 cxd4 8.exd4 O-O
9.O-O d5 10.cxd5 Nxd5 11.Nxd5 Qxd5 12.Be4 Qd7 13.Qd3 h6 14.Bxb7 Qxb7 15.f4 Re8
16.f5 exf5 17.Ng3 Bf8 18.Nxf5 Nc6 19.Qg3 Kh8 20.Bf4 Nxd4 21.Nxd4 Bc5 22.Be5 f6
23.Rxf6 Rxe5 24.Qxe5 gxf6 25.Qf4 Qd7 26.Rd1 Rd8 27.Qxh6+ Kg8 28.Rd3 Bxd4+
29.Kh1 Qh7 30.Rg3+ Kh8 31.Qc1 Bxb2 32.Qe1 Rc8 {#R} 0-1

[Event "Ch Chess Club (open)"]
[Site "masterchessopen.com Tula (Russia)"]
[Round "1"]
[White "Manaenkov Vladimir (RUS)"]
[Black "Ikonnikov Vyacheslav (RUS)"]
[Result "0-1"]
[WhiteElo "2252"]
[BlackElo "2548"]

1.d4 Nf6 2.c4 e6 3.Nc3 Bb4 4.e3 b6 5.Bd3 Bb7 6.Nf3 Ne4 7.Qc2 f5 8.O-O Bxc3
9.bxc3 O-O 10.Nd2 Qh4 11.f3 Ng5 12.Nb3 Rf6 13.Qf2 Qh5 14.Qg3 Rg6 15.Qxc7 Nh3+
16.Kh1 Bxf3 17.Qg3 Rxg3 {#R} 0-1

[Event "It (open)"]
[Site "masterchessopen.com Witley (England)"]
[Round "6"]
[White "Bekker-Jensen Anne (DEN)"]
[Black "Kieran Rosalind (ENG)"]
[Result "0-1"]
[WhiteElo "2040"]
[BlackElo "2083"]

1.d4 Nf6 2.c4 e6 3.Nc3 Bb4 4.e3 b6 5.Bd3 Bb7 6.Nf3 Ne4 7.Bxe4 Bxc3+ 8.bxc3
Bxe4 9.Ba3 d6 10.O-O O-O 11.Qe2 Nd7 12.Nd2 Bb7 13.Nf3 f5 14.Rab1 Be4 15.Rbd1
Nf6 16.Ng5 Qe8 17.Nxe4 Nxe4 18.Qc2 Qh5 19.f3 Ng5 20.Bc1 Rf6 21.e4 f4 22.Qf2
Rg6 23.Kh1 Rf8 24.c5 Rh6 25.h4 Rff6 26.g4 fxg3 27.Qxg3 Rfg6 {#R} 0-1

[Event "It (open)"]
[Site "masterchessopen.com Arco (Italy)"]
[Round "8"]
[White "De Santis Alessio (ITA)"]
[Black "Valenti Giuseppe (ITA)"]
[Result "1-0"]
[WhiteElo "2345"]
[BlackElo "2206"]

1.d4 Nf6 2.c4 e6 3.Nc3 Bb4 4.e3 b6 5.Bd3 Bb7 6.Ne2 c5 7.O-O Nc6 8.d5 exd5
9.cxd5 Ne5 10.Bb1 d6 11.f4 Ned7 12.e4 O-O 13.Ng3 Re8 14.a3 Bxc3 15.bxc3 c4
16.Ra2 Nc5 17.Qf3 h5 18.Re2 h4 19.Nf5 Qd7 20.Nxg7 Kxg7 21.e5 Nd3 22.exf6+ Kxf6
23.Qh5 Qf5 24.Qh6+ Qg6 25.Qxh4+ Kg7 26.Rxe8 Rxe8 27.f5 Qh7 28.Qg3+ Kh8 29.Bg5
Qg7 30.Qh4+ Kg8 31.Bf6 {#r} 1-0

[Event "It (open)"]
[Site "masterchessopen.com Genoa (Italy)"]
[Round "4"]
[White "Georgiev Vladimir (MKD)"]
[Black "Isonzo David (ITA)"]
[Result "1-0"]
[WhiteElo "2564"]
[BlackElo "2343"]

1.d4 Nf6 2.c4 e6 3.Nc3 Bb4 4.e3 b6 5.Bd3 Bb7 6.Nf3 Ne4 7.O-O Bxc3 8.bxc3 f5
9.Ba3 d6 10.d5 exd5 11.cxd5 Bxd5 12.Nd4 Qg5 13.Bb5+ c6 14.Nf3 Qe7 15.Qxd5 Qd7
16.Bxc6 Nxc6 17.Nd4 Rc8 18.Nxf5 Ne7 19.Nxg7+ Kf8 20.Ne6+ Kf7 21.Ng5+ Kg6
22.Qxe4+ Kxg5 23.Rad1 Nf5 24.Qf4+ Kg6 25.e4 {#r} 1-0

[Event "Bundesliga (2nd) North 2000/01"]
[Site "masterchessopen.com Germany"]
[Round "7"]
[White "Elmali Timur (GER)"]
[Black "Klimm Wolf-Dietrich (GER)"]
[Result "1-0"]
[WhiteElo "2205"]
[BlackElo "2215"]

1.d4 Nf6 2.c4 e6 3.Nc3 Bb4 4.e3 b6 5.Bd3 Bb7 6.Nf3 Ne4 7.Qc2 f5 8.O-O Bxc3
9.bxc3 O-O 10.Nd2 Qh4 11.Nxe4 fxe4 12.Be2 Rf6 13.a4 Rh6 14.h3 Rg6 15.Kh2 a5
16.Ba3 d6 17.c5 bxc5 18.Bb5 Qg5 19.Rg1 Qf5 20.Rad1 Nc6 21.Rd2 Rc8 22.Rgd1 h5
23.f4 exf3 24.Bd3 Qg5 25.Bxg6 {#r} 1-0

[Event "Oberliga Baden 2000/01"]
[Site "masterchessopen.com Germany"]
[Round "6"]
[White "Roos Jean-Luc (FRA)"]
[Black "Florea Dan (GER)"]
[Result "1-0"]
[WhiteElo "2290"]
[BlackElo "2317"]

1.d4 Nf6 2.c4 e6 3.Nc3 Bb4 4.e3 b6 5.Bd3 Bb7 6.Nf3 Ne4 7.Qc2 f5 8.Bd2 Bxc3
9.Bxc3 O-O 10.O-O-O Qf6 11.Be1 c5 12.Kb1 d6 13.Rg1 cxd4 14.exd4 Nd7 15.Qe2
Rac8 16.Bb4 a5 17.Ba3 Rfe8 18.Ka1 e5 19.dxe5 Nxe5 20.Nxe5 Rxe5 21.f4 Re6
22.Qf1 Nc5 23.g4 Nxd3 24.Rxd3 Be4 25.g5 Qd8 26.Rd4 Rc6 27.b3 Qc7 28.h4 a4
29.h5 axb3 30.axb3 {#r} 1-0

[Event "Oberliga Southwest 2001/02"]
[Site "masterchessopen.com Germany"]
[Round "0"]
[White "Hetzer Volkhard (GER)"]
[Black "Markmann Ulrich (GER)"]
[Result "0-1"]
[WhiteElo "2150"]
[BlackElo "2216"]

1.d4 Nf6 2.c4 e6 3.Nc3 Bb4 4.e3 b6 5.Bd3 Bb7 6.Ne2 Bxg2 7.Rg1 Bf3 8.Qc2 Bd6
9.Ng3 c5 10.Nb5 Bf8 11.d5 a6 12.Nc3 exd5 13.cxd5 d6 14.e4 Nbd7 15.Bf4 Ng4
16.Nf5 Nge5 17.Nxg7+ Bxg7 18.Rxg7 Qf6 19.Bxe5 Nxe5 20.Rg3 h5 21.Be2 h4 22.Rg1
Bxe2 23.Kxe2 Nf3 24.Qa4+ b5 25.Qd1 Nxg1+ 26.Qxg1 Ke7 27.Qg2 Rag8 28.Qh3 Qf4
29.Re1 Rg5 30.Kd1 Rhg8 31.Kc2 Rg2 {#R} 0-1

[Event "Ch Europe (team)"]
[Site "masterchessopen.com Leon (Spain)"]
[Round "4"]
[White "Muir Andrew J (SCO)"]
[Black "Zelcic Robert (CRO)"]
[Result "0-1"]
[WhiteElo "2313"]
[BlackElo "2547"]

1.d4 Nf6 2.c4 e6 3.Nc3 Bb4 4.e3 b6 5.Bd3 Bb7 6.Nf3 O-O 7.O-O c5 8.Na4 Qe7 9.a3
Ba5 10.dxc5 bxc5 11.Nxc5 Qxc5 12.b4 Qc7 13.Bb2 d6 14.Bxf6 gxf6 15.Nd4 f5
16.bxa5 Nd7 17.Qh5 Kh8 18.Nxf5 Ne5 19.Nxd6 Nxd3 20.Qh4 Rg8 21.Qf6+ Rg7 22.Nxb7
Qxb7 23.f3 Rg8 24.Rab1 Qe7 25.Qc3 Qg5 {#R} 0-1

[Event "It (open)"]
[Site "masterchessopen.com Metz (France)"]
[Round "1"]
[White "Sar Frederic (FRA)"]
[Black "Shchekachev Andrei (FRA)"]
[Result "0-1"]
[WhiteElo "2164"]
[BlackElo "2580"]

1.d4 Nf6 2.c4 e6 3.Nc3 Bb4 4.e3 b6 5.Bd3 Bb7 6.Ne2 Bxg2 7.Rg1 Bf3 8.Rxg7 Ne4
9.Bd2 Nxf2 10.Kxf2 Qf6 11.Qg1 Be4+ 12.Nf4 Bxd3 13.Nd5 exd5 14.Bxb4 Bg6 {#R}
0-1

[Event "Memorial E.Geller (open)"]
[Site "masterchessopen.com Moscow (Russia)"]
[Round "9"]
[White "Balashov Yuri S (RUS)"]
[Black "Kotsur Pavel (KAZ)"]
[Result "0-1"]
[WhiteElo "2555"]
[BlackElo "2572"]

1.d4 Nf6 2.c4 e6 3.Nc3 Bb4 4.e3 b6 5.Bd3 Bb7 6.Nf3 Ne4 7.O-O f5 8.d5 Nxc3
9.bxc3 Bxc3 10.Rb1 Bf6 11.e4 O-O 12.Re1 Na6 13.Ba3 Be7 14.Bxe7 Qxe7 15.exf5
Nc5 16.fxe6 dxe6 17.Nd4 e5 18.Ne6 Nxe6 19.Rxe5 Rxf2 20.Qg4 Rd2 21.Rxe6 Qc5+
22.Kh1 Rxd3 23.Rf1 Re3 24.Qf4 Rxe6 25.Qf7+ Kh8 26.dxe6 h6 27.e7 Qe5 28.h3 Kh7
29.Rf5 Qg3 30.Rf2 Re8 {#R} 0-1

[Event "Cup European Club (final)"]
[Site "masterchessopen.com Panormo (Greece)"]
[Round "1"]
[White "Lugovoi Aleksei (RUS)"]
[Black "Sjoberg Mats (SWE)"]
[Result "1-0"]
[WhiteElo "2498"]
[BlackElo "2338"]

1.d4 Nf6 2.c4 e6 3.Nc3 Bb4 4.e3 b6 5.Bd3 Bb7 6.Nf3 O-O 7.O-O Bxc3 8.bxc3 Be4
9.Be2 c5 10.Ne1 Bb7 11.f3 Nc6 12.e4 Ne8 13.Be3 cxd4 14.cxd4 Ba6 15.Rc1 Rc8
16.Nd3 d5 17.cxd5 exd5 18.exd5 Na5 19.Rxc8 Qxc8 20.Bg5 f6 21.Bf4 Nc7 22.Nb4
Bb7 23.d6 Ne6 24.Bg3 Qc3 25.Nc2 Bd5 26.Bd3 Nc6 27.Ne3 Qxd4 28.Bf2 Nf4 29.Bb5
{#r} 1-0

[Event "Cup Rilton"]
[Site "masterchessopen.com Stockholm (Sweden)"]
[Round "1"]
[White "Persson Lars (SWE)"]
[Black "Handke Florian (GER)"]
[Result "0-1"]
[WhiteElo "2125"]
[BlackElo "2407"]

1.d4 Nf6 2.c4 e6 3.Nc3 Bb4 4.e3 b6 5.Bd3 Bb7 6.Ne2 Bxg2 7.Rg1 Bf3 8.Qc2 Nc6
9.Bd2 Qe7 10.a3 Bxc3 11.Bxc3 O-O-O 12.Rxg7 e5 13.dxe5 Nxe5 14.O-O-O Nxd3+
15.Qxd3 Ne4 16.Be1 Rhg8 17.Rxh7 Nc5 18.Qf5 Be4 {#R} 0-1

[Event "Ch Switzerland (team)"]
[Site "masterchessopen.com Switzerland"]
[Round "2"]
[White "Pedrini Pier Paolo (SUI)"]
[Black "Milosevic Goran (SUI)"]
[Result "0-1"]
[WhiteElo "1959"]
[BlackElo "2379"]

1.d4 Nf6 2.c4 e6 3.Nc3 Bb4 4.e3 b6 5.Bd3 Bb7 6.f3 O-O 7.Ne2 d5 8.a3 Be7 9.cxd5
exd5 10.O-O c5 11.Bb1 Re8 12.Ng3 g6 13.b3 Bf8 14.Ra2 Nc6 15.Kh1 Rc8 16.Nce2
Bd6 17.h3 h5 18.Rg1 Ba6 19.Bd3 Bxd3 20.Qxd3 Qc7 21.Nf1 h4 22.Nc3 cxd4 23.Nb5
Qe7 24.Nxd6 Qxd6 25.exd4 Nb4 26.axb4 Rxc1 27.Qd2 Ree1 28.Qf2 Nh5 {#R} 0-1

[Event "It (open)"]
[Site "masterchessopen.com Andorra"]
[Round "4"]
[White "Helbig Mark (GER)"]
[Black "Handke Florian (GER)"]
[Result "0-1"]
[WhiteElo "2239"]
[BlackElo "2516"]

1.d4 Nf6 2.c4 e6 3.Nc3 Bb4 4.e3 b6 5.Bd3 Bb7 6.Nf3 Ne4 7.O-O f5 8.Ne5 Nf6
9.Qc2 O-O 10.a3 Bxc3 11.Qxc3 d6 12.Nf3 Ne4 13.Qc2 Rf6 14.Nd2 Rh6 15.Nxe4 Qh4
16.h3 fxe4 17.Be2 Nd7 18.b4 Rf8 19.Bg4 Rg6 20.d5 Rxg4 21.hxg4 Ne5 22.f3 exf3
23.e4 Qg3 24.Qf2 Qxg4 25.Be3 Nxc4 26.Rae1 exd5 27.exd5 Ne5 28.Rd1 Ba6 29.Rd4
Qg6 {#R} 0-1

[Event "It (open)"]
[Site "masterchessopen.com Arco (Italy)"]
[Round "8"]
[White "Profaizer Gino (ITA)"]
[Black "Roberti Ignazio (ITA)"]
[Result "0-1"]
[WhiteElo "2063"]
[BlackElo "2032"]

1.d4 Nf6 2.c4 e6 3.Nc3 Bb4 4.e3 b6 5.Bd3 Bb7 6.f3 Bxc3+ 7.bxc3 d5 8.Ne2 O-O
9.cxd5 exd5 10.O-O Re8 11.Re1 Nbd7 12.Ng3 c5 13.e4 cxd4 14.cxd4 dxe4 15.fxe4
Qc7 16.e5 Nxe5 17.dxe5 Rxe5 18.Bb2 Qc5+ 19.Kh1 Qf2 20.Ne4 Nxe4 21.Re2 Ng3+
{#R} 0-1

[Event "Ch Italy (1/2 final)"]
[Site "masterchessopen.com Arvier (Italy)"]
[Round "1"]
[White "Agomeri Gianluca (ITA)"]
[Black "Valenti Giuseppe (ITA)"]
[Result "0-1"]
[WhiteElo "2132"]
[BlackElo "2230"]

1.d4 Nf6 2.c4 e6 3.Nc3 Bb4 4.e3 b6 5.Bd3 Bb7 6.Nf3 O-O 7.O-O c5 8.Bd2 d5
9.cxd5 exd5 10.Rc1 Nc6 11.a3 Ba5 12.dxc5 bxc5 13.Na4 c4 14.Bb1 Qe7 15.Bxa5
Nxa5 16.Nd4 Rab8 17.Nc3 Ba8 18.Qc2 Qb7 19.g4 Qxb2 20.Qf5 Qxa3 21.g5 Ne4
22.Nxd5 Bxd5 23.Qxd5 Nc3 24.Qe5 Rfe8 25.Ne6 Ne2+ 26.Kh1 fxe6 27.Bxh7+ Kxh7
28.g6+ Kg8 29.Rcd1 Qc3 30.Qh5 Rbd8 31.Qxe2 Rd5 32.Qf3 Qf6 {#R} 0-1

[Event "It (open)"]
[Site "masterchessopen.com Boblingen (Germany)"]
[Round "4"]
[White "Schulte Torsten (GER)"]
[Black "Kunz Konstantin (GER)"]
[Result "0-1"]
[WhiteElo "2147"]
[BlackElo "2236"]

1.d4 Nf6 2.c4 e6 3.Nc3 Bb4 4.e3 b6 5.Bd3 Bb7 6.Nf3 Ne4 7.Qc2 f5 8.O-O Bxc3
9.bxc3 O-O 10.Ba3 c5 11.Nd2 Nxd2 12.Qxd2 d6 13.f4 Nd7 14.Rae1 Nf6 15.d5 Qd7
16.Qc2 g6 17.e4 fxe4 18.Bxe4 exd5 19.cxd5 Bxd5 20.Bxd5+ Nxd5 21.c4 Nxf4 22.Bb2
Qg4 23.g3 Rae8 24.Kh1 Qf3+ {#R} 0-1

[Event "Ch Paulista (final)"]
[Site "masterchessopen.com Brazil"]
[Round "0"]
[White "De Souza Mauro (BRA)"]
[Black "Name Gabriel (BRA)"]
[Result "1-0"]
[WhiteElo "2349"]
[BlackElo "2189"]

1.d4 e6 2.c4 Nf6 3.Nc3 Bb4 4.e3 b6 5.Bd3 Bb7 6.Ne2 O-O 7.O-O d5 8.cxd5 Nxd5
9.e4 Nxc3 10.bxc3 Be7 11.Be3 c5 12.f4 c4 13.Bc2 f5 14.d5 fxe4 15.dxe6 Na6
16.Ng3 Nc5 17.Qg4 Qd5 18.Bd4 Bf6 19.Bxf6 Rxf6 20.f5 Qe5 21.Rae1 Nd3 22.Bxd3
cxd3 23.Nxe4 Rh6 24.h3 d2 25.Nxd2 Qxc3 26.Nf3 Re8 27.Rc1 Qf6 28.Rc7 Re7
29.Rfc1 g6 30.Rxe7 Qxe7 31.Qf4 {#r} 1-0

[Event "It (open) \"]
[Site "masterchessopen.com Cairo (Egypt)"]
[Round "5"]
[White "Rahman Yehya (EGY)"]
[Black "Kamel Nabil (EGY)"]
[Result "1-0"]
[WhiteElo "2325"]
[BlackElo "2130"]

1.d4 Nf6 2.c4 e6 3.Nc3 Bb4 4.e3 b6 5.Bd3 Bb7 6.Nf3 d5 7.Qa4+ Nc6 8.cxd5 Qxd5
9.O-O Bxc3 10.bxc3 O-O 11.Ba3 Rfd8 12.Rfe1 Qh5 13.e4 Qa5 14.Qb3 Qh5 15.h3 Na5
16.Qc2 c5 17.Rab1 cxd4 18.Rb5 Qg6 19.Rg5 Qh6 20.Bc1 Rac8 21.Rxa5 Rxc3 22.Bxh6
Rxc2 23.Rg5 Rc7 24.Rxg7+ Kh8 25.Ng5 {#r} 1-0

[Event "It (open)"]
[Site "masterchessopen.com Condom (France)"]
[Round "4"]
[White "Sakri Abdelhak (FRA)"]
[Black "Dumont Gilles (FRA)"]
[Result "1-0"]
[WhiteElo "1949"]
[BlackElo "1866"]

1.d4 Nf6 2.c4 e6 3.Nc3 Bb4 4.e3 b6 5.Bd3 Bb7 6.Ne2 O-O 7.O-O Be7 8.e4 d6 9.Qc2
e5 10.d5 Nbd7 11.Ng3 c6 12.Qe2 a6 13.a4 Nc5 14.Bc2 Re8 15.b4 Ncd7 16.Bb2 Bf8
17.Rad1 Rc8 18.Nf5 Qc7 19.Ne3 cxd5 20.exd5 e4 21.Rd4 Ne5 22.Nxe4 Qe7 23.Nxf6+
Qxf6 24.Re4 Nf3+ 25.gxf3 {#r} 1-0

[Event "It"]
[Site "masterchessopen.com Hamburg (Germany)"]
[Round "2"]
[White "Rausis Igors (CZE)"]
[Black "Wahls Matthias (GER)"]
[Result "1-0"]
[WhiteElo "2478"]
[BlackElo "2539"]

1.d4 Nf6 2.c4 e6 3.Nc3 Bb4 4.e3 b6 5.Bd3 Bb7 6.Nf3 Ne4 7.O-O f5 8.d5 Nxc3
9.bxc3 Bxc3 10.Rb1 exd5 11.cxd5 Bxd5 12.Bxf5 Bxa2 13.Ba3 Bf6 14.Qc2 Bxb1
15.Rxb1 d5 16.Nd4 Bxd4 17.exd4 Kf7 18.Bxh7 Rxh7 19.Qxh7 Nd7 20.Qh5+ Kg8
21.Qxd5+ Kh8 22.Rb3 Nf6 23.Rh3+ Nh7 24.Qe4 Qg8 {#r} 1-0

[Event "It \"]
[Site "masterchessopen.com Ploesti (Romania)"]
[Round "3"]
[White "Popa Marian (ROM)"]
[Black "Anuta Laurentiu (ROM)"]
[Result "0-1"]
[WhiteElo "2068"]
[BlackElo "2097"]

1.d4 Nf6 2.c4 e6 3.Nc3 Bb4 4.e3 b6 5.Bd3 Bb7 6.Nf3 Ne4 7.Qc2 f5 8.O-O Nxc3
9.bxc3 Bxf3 10.cxb4 Qg5 11.g3 Qg4 12.Re1 Nc6 13.a3 h5 14.b5 Ne7 15.e4 g6
16.Bf4 Rc8 17.d5 O-O 18.Re3 fxe4 19.Bxe4 Rxf4 20.Bxf3 Rxf3 {#R} 0-1

[Event "Ch Georgia (juniors) (under 20) (g)"]
[Site "masterchessopen.com Tbilisi (Georgia)"]
[Date "2002.03.20"]
[Round "2"]
[White "Siradze Salome (GEO)"]
[Black "Dzagnidze Nana (GEO)"]
[Result "0-1"]
[WhiteElo "2023"]
[BlackElo "2356"]

1.d4 Nf6 2.c4 e6 3.Nc3 Bb4 4.e3 b6 5.Bd3 Bb7 6.f3 O-O 7.Ne2 d5 8.O-O c5 9.Kh1
Nc6 10.b3 dxc4 11.Bxc4 cxd4 12.exd4 Nxd4 13.Bb2 Nf5 14.Qc1 Rc8 15.Rd1 Qe7
16.a3 Bc5 17.Rd3 a6 18.b4 Be3 19.Rxe3 Nxe3 20.Qxe3 Rxc4 21.Qxb6 Rd8 22.b5 axb5
23.Qxb5 Rh4 24.a4 Qc7 25.f4 Ng4 {#R} 0-1

[Event "It (open)"]
[Site "masterchessopen.com Bad Wiessee (Germany)"]
[Date "2002.10.27"]
[Round "2"]
[White "Lerner Konstantin Z (UKR)"]
[Black "Kotlyar Dimitri (GER)"]
[Result "1-0"]
[WhiteElo "2507"]
[BlackElo "2171"]

1.c4 Nf6 2.Nc3 e6 3.d4 Bb4 4.e3 b6 5.Bd3 Bb7 6.Nf3 Ne4 7.O-O Bxc3 8.bxc3 f5
9.Ne1 O-O 10.f3 Nf6 11.Qe2 Qe8 12.e4 fxe4 13.fxe4 e5 14.Nf3 d6 15.c5 exd4
16.cxd6 Bxe4 17.dxc7 Nc6 18.cxd4 Bxd3 19.Qxd3 Qd7 20.Ba3 Rfc8 21.Qc4+ Nd5
22.Ng5 Rxc7 23.Rf7 Nce7 24.Rxe7 {#r} 1-0

[Event "It (open)"]
[Site "masterchessopen.com Bizovac (Croatia)"]
[Round "2"]
[White "Grguric Zeljko (CRO)"]
[Black "Zelcic Robert (CRO)"]
[Result "0-1"]
[WhiteElo "2184"]
[BlackElo "2531"]

1.d4 Nf6 2.c4 e6 3.Nc3 Bb4 4.e3 b6 5.Bd3 Bb7 6.Nf3 c5 7.O-O cxd4 8.exd4 O-O
9.a3 Bxc3 10.bxc3 d5 11.cxd5 Qxd5 12.c4 Qh5 13.Bb2 Nbd7 14.Re1 Rfd8 15.h3 Rac8
16.Re3 b5 17.d5 bxc4 18.dxe6 fxe6 19.Be2 Qg6 20.Qd4 Nb6 21.Qh4 Rd2 {#R} 0-1

[Event "Ch Netherlands (open)"]
[Site "masterchessopen.com Dieren (Netherlands)"]
[Round "8"]
[White "De Vreugt Dennis (NED)"]
[Black "Ris Robert (NED)"]
[Result "1-0"]
[WhiteElo "2466"]
[BlackElo "2300"]

1.c4 Nf6 2.Nc3 e6 3.d4 Bb4 4.e3 b6 5.Bd3 Bb7 6.Nf3 O-O 7.O-O c5 8.a3 cxd4
9.axb4 dxc3 10.bxc3 d6 11.Re1 Nbd7 12.e4 Qc7 13.Bf4 Ne5 14.Nxe5 dxe5 15.Bg5
Ne8 16.Qg4 Kh8 17.Qh4 f6 18.Be3 f5 19.exf5 Qc6 20.Bf1 exf5 21.Qe7 Rf6 22.Bg5
{#r} 1-0

[Event "Ch Great Britain"]
[Site "masterchessopen.com Edinburgh (Scotland)"]
[Round "5"]
[White "Muir Andrew J (SCO)"]
[Black "McEwan Ken B (SCO)"]
[Result "1-0"]
[WhiteElo "2322"]
[BlackElo "2189"]

1.d4 Nf6 2.c4 e6 3.Nc3 Bb4 4.e3 b6 5.Bd3 Bb7 6.Nf3 Bxc3+ 7.bxc3 d6 8.O-O Nbd7
9.Nd2 c5 10.e4 e5 11.d5 O-O 12.g3 Ne8 13.f4 g6 14.Nf3 f6 15.h4 exf4 16.gxf4
Ng7 17.f5 gxf5 18.exf5 Kh8 19.Bf4 Ne5 20.Nxe5 dxe5 21.Bh6 Rg8 22.Kh2 Qd7
23.Rg1 Qf7 24.Qf3 Rae8 25.Rg2 Nh5 26.Rag1 Rxg2+ 27.Rxg2 Rg8 28.Rxg8+ Kxg8
29.Be4 Nf4 30.d6 Qxc4 31.Qg4+ Kf7 32.Qg7+ {#r} 1-0

[Event "Ch France (team) (juniors) 2002/03"]
[Site "masterchessopen.com France"]
[Round "4"]
[White "Lepan Marvin (FRA)"]
[Black "Baeumlin Francois (FRA)"]
[Result "1-0"]
[WhiteElo "2216"]
[BlackElo "1996"]

1.d4 Nf6 2.c4 e6 3.Nc3 Bb4 4.e3 b6 5.Bd3 Bb7 6.f3 c5 7.Ne2 d6 8.O-O O-O 9.a3
Bxc3 10.Nxc3 Nbd7 11.b3 a6 12.Bc2 d5 13.cxd5 Nxd5 14.Qd3 N7f6 15.Ne4 Qc7
16.Nxf6+ Nxf6 17.Bb2 cxd4 18.Rac1 Rac8 19.Qxd4 Bc6 20.Qh4 e5 21.f4 h6 22.Bf5
Nd7 23.fxe5 Rfe8 24.e6 fxe6 25.Bg6 Rf8 26.Qe7 e5 27.Rxf8+ Nxf8 28.Qxc7 Rxc7
29.Be4 {#r} 1-0

[Event "It (open)"]
[Site "masterchessopen.com La Fere (France)"]
[Round "2"]
[White "Abeln Michiel (NED)"]
[Black "Dumitrache Dragos-Nicolae (ROM)"]
[Result "0-1"]
[WhiteElo "2341"]
[BlackElo "2467"]

1.d4 Nf6 2.c4 e6 3.Nc3 Bb4 4.e3 b6 5.Bd3 Bb7 6.Nf3 Ne4 7.O-O Bxc3 8.bxc3 f5
9.Ne1 O-O 10.f3 Ng5 11.Nc2 c5 12.Qe2 Qf6 13.Ba3 d6 14.e4 f4 15.e5 dxe5 16.dxc5
Rd8 17.h4 Nf7 18.Be4 Bxe4 19.Qxe4 Na6 20.c6 Rac8 21.Rfd1 Nb8 22.Nb4 Qxh4 23.c5
bxc5 24.Nd3 Nxc6 25.Nxc5 Rxd1+ 26.Rxd1 Ng5 27.Qe2 h5 28.Nd7 Qg3 29.Bc5 e4
30.fxe4 f3 31.Qc2 Rd8 {#R} 0-1

[Event "It \"]
[Site "masterchessopen.com Mallorca (Spain)"]
[Round "9"]
[White "Visier Segovia Fernando (ESP)"]
[Black "Garcia Roman Daniel (ESP)"]
[Result "0-1"]
[WhiteElo "2243"]
[BlackElo "2385"]

1.d4 Nf6 2.c4 e6 3.Nc3 Bb4 4.e3 b6 5.Bd3 Bb7 6.Nf3 Bxc3+ 7.bxc3 d6 8.O-O O-O
9.Qc2 Nbd7 10.Nd2 e5 11.e4 Re8 12.f3 Qe7 13.a4 a5 14.Nb3 Ba6 15.Ba3 Qe6 16.Qe2
Nf8 17.Rab1 Ng6 18.Bc1 Nf4 19.Bxf4 exf4 20.c5 Bxd3 21.Qxd3 dxc5 22.dxc5 Red8
23.Nd4 Qd7 24.Qb5 bxc5 25.Qxc5 Qxa4 26.Ra1 Qd7 27.Rxa5 Rxa5 28.Qxa5 h6 29.Qe5
Qd6 30.Qxd6 cxd6 31.Nf5 {#R} 0-1

[Event "It (open)"]
[Site "masterchessopen.com Sautron (France)"]
[Round "6"]
[White "Colin Vincent (FRA)"]
[Black "Chevry Philippe (BEL)"]
[Result "1-0"]
[WhiteElo "2396"]
[BlackElo "1844"]

1.d4 Nf6 2.c4 e6 3.Nc3 Bb4 4.e3 b6 5.Bd3 Bb7 6.Nf3 Ne4 7.O-O f5 8.d5 Nxc3
9.bxc3 Bxc3 10.Rb1 Na6 11.Ba3 d6 12.dxe6 O-O 13.c5 Bxf3 14.Qxf3 Nxc5 15.Bc4
Qe7 16.Bxc5 bxc5 17.Rb7 Ba5 18.Bd5 Kh8 19.Rb5 c6 20.Bxc6 Rac8 21.Rxa5 Qc7
22.Ra6 Rb8 23.Bd7 {#r} 1-0

[Event "It (open)"]
[Site "masterchessopen.com Schwarzach (Austria)"]
[Round "2"]
[White "Schoeppl Engelbert (AUT)"]
[Black "Zelcic Robert (CRO)"]
[Result "0-1"]
[WhiteElo "2247"]
[BlackElo "2531"]

1.d4 Nf6 2.c4 e6 3.Nc3 Bb4 4.e3 b6 5.Bd3 Bb7 6.Nf3 c5 7.O-O cxd4 8.exd4 O-O
9.Bg5 Be7 10.Qe2 d6 11.Rfe1 Nbd7 12.Rad1 Rc8 13.h3 Re8 14.b3 a6 15.a4 h6
16.Bf4 Bf8 17.Bb1 d5 18.Ne5 Bb4 19.Rd3 dxc4 20.bxc4 Bxc3 21.Rxc3 Nd5 22.Qc2
Nxf4 23.Qh7+ Kf8 24.Qh8+ Ke7 25.Qxg7 Nxe5 26.dxe5 Qd2 27.Ree3 Rg8 28.Qf6+ Ke8
29.Rg3 Ne2+ 30.Kh2 Nxg3 31.Rxg3 Rxg3 {#R} 0-1